000
00260nam a22001097a 4500
082
_a
620.3 WIL
100
_a
WILSON,W KER
_9
80142
245
_a
PRACTICAL SOLUTION OF TORSIONAL VIBRATION PROBLEMS
260
_a
LONDON
_b
PDF
_c
1963
300
_a
880P
942
_c
BK
999
_c
585104
_d
585104